000 00756nam a2200193 a 4500
008 120416s2000 ||||||||||||||||| || u
020 _a0340692286
050 _aHA 155 Dal
100 _aDale, Angela
245 1 0 _aAnalysing census microdata
260 _aLondon
_bArnold
_c2000
300 _axii, 241p. : ill.
350 _a0.00
650 _aCENSUS--DATA ANALYSIS
650 3 _aP0PULATION STATISTICS
700 _aHoldsworth, Clare
995 _aMAIN LIBRARY OPEN ACCESS
_D0.00
_e735751
_FCBU-MAIN LIBRARY (Kitwe)
_H1
_I0.00
_jHA 155 Dal
_M1
_UAVAILABLE
_y48596
_ZMain Library Open Access Collection
995 _aMAIN LIBRARY OPEN ACCESS
_D0.00
_e735752
_FCBU-MAIN LIBRARY (Kitwe)
_H2
_I0.00
_jHA 155 Dal
_M2
_UAVAILABLE
_y48595
_ZMain Library Open Access Collection
999 _c83920
_d83920